000 00199nam a22000857a 4500
001 1242891
005 20251015141730.0
245 _aSOKAKTA TEK BAŞINA
_cAYHAN BOZFIRAT
260 _bGÜNIŞIĞI YAYINLARI
999 _c1242891
_d1242891